000
00304nam a22001337a 4500
008
181218b xxu||||| |||| 00| 0 eng d
020
_a
9780397323616
041
_a
eng
080
_a
910
100
_a
42
101
_a
GJEO
245
_a
The Land and People of South Africa
_c
Paton,J
942
_2
udc
_c
BK
999
_c
53344
_d
53344